000 00378 a2200169 4500
001 192030
020 _a978-85-262-5361-1
040 _cMagnum
100 _aMachado, Ana Maria
240 1 0 _aO jardim secreto
_lpor
245 1 0 _aO jardim secreto
300 _a48
362 0 _a2006
440 1 _aScipione
697 _aLITERATURA INFANTO-JUVENIL ESTRANGEIRA
942 _cBK
999 _c192030
_d192030